Prontuario de seguridad pública e intervención policial / (Record no. 51737)

MARC details
000 -LEADER
campo de control de longitud fija 00986cam a2200325Mi 4500
001 - NÚMERO DE CONTROL
campo de control 49944
005 - FECHA Y HORA DE LA ÚLTIMA TRANSACCIÓN
campo de control 20230410120759.0
008 - DATOS DE LONGITUD FIJA--INFORMACIÓN GENERAL
campo de control de longitud fija 050420s2004 sp 000 0 spa d
035 ## - NÚMERO DE CONTROL DEL SISTEMA
Número de control de sistema (OCoLC)ocm59354855
040 ## - FUENTE DE CATALOGACIÓN
Centro catalogador/agencia de origen PL#
Lengua de catalogación spa
Centro/agencia transcriptor PL#
020 ## - NÚMERO INTERNACIONAL ESTÁNDAR DEL LIBRO
Número Internacional Estándar del Libro 8496164187
020 ## - NÚMERO INTERNACIONAL ESTÁNDAR DEL LIBRO
Número Internacional Estándar del Libro 9788496164185
029 0# - OTRO NÚMERO DE CONTROL DE SISTEMA (OCLC)
Identificador de la biblioteca OCLC PL#
Número de control de sistema 8496164187
035 ## - NÚMERO DE CONTROL DEL SISTEMA
Número de control de sistema (OCoLC)59354855
050 14 - SIGNATURA TOPOGRÁFICA DE LA BIBLIOTECA DEL CONGRESO
Número de clasificación HV 7243
Número de ítem G631p 2004
100 1# - ENTRADA PRINCIPAL--NOMBRE DE PERSONA
Nombre de persona Gómara Hernández, José Luis.
245 10 - MENCIÓN DEL TÍTULO
Título Prontuario de seguridad pública e intervención policial /
Mención de responsabilidad, etc. autores: José Luis Gómara Hernández, David Agorreta Ruiz.
250 ## - MENCION DE EDICION
Mención de edición 2a ed.
260 ## - PUBLICACIÓN, DISTRIBUCIÓN, ETC.
Lugar de publicación, distribución, etc. Pamplona :
Nombre del editor, distribuidor, etc. DAPP Publicaciones Jurídicas,
Fecha de publicación, distribución, etc. 2004.
300 ## - DESCRIPCIÓN FÍSICA
Extensión 1014 p. ;
Dimensiones 24 cm.
500 ## - NOTA GENERAL
Nota general índice.
650 #0 - PUNTO DE ACCESO ADICIONAL DE MATERIA--TÉRMINO DE MATERIA
Término de materia o nombre geográfico como elemento de entrada Police
Subdivisión geográfica Spain
653 ## - TÉRMINO DE INDIZACIÓN--NO CONTROLADO
Término no controlado Policía
-- España.
653 ## - TÉRMINO DE INDIZACIÓN--NO CONTROLADO
Término no controlado Orden público.
700 1# - ENTRADA AGREGADA--NOMBRE PERSONAL
Nombre de persona Agorreta Ruiz, David,
Término indicativo de función/relación aut.
938 ## -
-- Puvill Libros
-- PUVL
-- 8496164187
-- $116.90
942 ## - ELEMENTOS DE ENTRADA SECUNDARIOS (KOHA)
Fuente del sistema de clasificación o colocación Clasificación de Library of Congress
Tipo de ítem Koha
994 ## -
-- C0
-- DRFGD
946 ## - PROCESAMIENTO DE INFORMACIÓN LOCAL (OCLC)
a csexposito
Holdings
Estatus retirado Estado de pérdida Fuente del sistema de clasificación o colocación Estado de daño No para préstamo Colección Biblioteca de origen Biblioteca actual Ubicación en estantería Fecha de adquisición Serial enumeration / chronology Signatura topográfica completa Código de barras Visto por última vez Copia número Tipo de ítem Koha
    Clasificación de Library of Congress     Ciencias Sociales Biblioteca Juan Bosch Biblioteca Juan Bosch Ciencias Sociales (3er. Piso) 10/04/2023 1 HV 7243 G631p 2004 00000051049 24/10/2018 1